Alle Bürgermeister von Berlin seit 1948 - Statistiken

Allgemein
  • Dieses Quiz wurde 107 mal gespielt
  • Das Durchschnittsergebnis liegt bei 7 aus 19
Antwortstatistiken
Bezeichnung von bis Partei Amtsträger % Korrekt
Regierender Bürgermeister (West) 3. Oktober 1957 1. Dezember 1966 SPD Willy Brandt
91%
Regierender Bürgermeister (West) 16. Juni 2001 11. Dezember 2014 SPD Klaus Wowereit
86%
Regierender Bürgermeister (West) 11. Dezember 2014 im Amt SPD Michael Müller
84%
Regierender Bürgermeister (West) 9. Februar 1984 16. März 1989 CDU Eberhard Diepgen
61%
Regierender Bürgermeister (West) 24. Januar 1991 16. Juni 2001 CDU Eberhard Diepgen
61%
Regierender Bürgermeister (West) 16. März 1989 24. Januar 1991 SPD Walter Momper
58%
Regierender Bürgermeister (West) 7. Dezember 1948 29. September 1953 SPD Ernst Reuter
53%
Regierender Bürgermeister (West) 11. Juni 1981 9. Februar 1984 CDU Richard von Weizsäcker
53%
Regierender Bürgermeister (West) 23. Januar 1981 11. Juni 1981 SPD Hans-Jochen Vogel
30%
Oberbürgermeister (Ost) 30. November 1948 5. Juli 1967 SED Friedrich Ebert jr.
24%
Regierender Bürgermeister (West) 11. Januar 1955 30. August 1957 SPD Otto Suhr
14%
Regierender Bürgermeister (West) 22. Oktober 1953 11. Januar 1955 CDU Walther Schreiber
14%
Regierender Bürgermeister (West) 19. Oktober 1967 2. Mai 1977 SPD Klaus Schütz
13%
Regierender Bürgermeister (West) 2. Mai 1977 23. Januar 1981 SPD Dietrich Stobbe
12%
Regierender Bürgermeister (West) 1. Dezember 1966 19. Oktober 1967 SPD Heinrich Albertz
12%
Oberbürgermeister (Ost) 11. Februar 1974 15. Februar 1990 SED Erhard Krack
7%
Oberbürgermeister (Ost) 30. Mai 1990 11. Januar 1991 SPD Tino Schwierzina
3%
Oberbürgermeister (Ost) 23. Februar 1990 30. Mai 1990 PDS Christian Hartenhauer
1%
Oberbürgermeister (Ost) 5. Juli 1967 11. Februar 1974 SED Herbert Fechner
1%
Keine übereinstimmenden Quizze gefunden
Verteilung der Resultate
Anzahl Personen mit jedem Resultat
Perzentil nach korrekt beantworteten Fragen
Ihre Resultats-Entwicklung
Sie haben dieses Quiz noch nicht gespielt